A History of Ancient India: (Record no. 185521)

MARC details
000 -LEADER
fixed length control field 00650nam a22001817a 4500
005 - DATE AND TIME OF LATEST TRANSACTION
control field 20220203123102.0
010 ## - LCCN (DPL NO)
LC control number ENG-131380
020 ## - INTERNATIONAL STANDARD BOOK NUMBER
International Standard Book Number 9789354498299
Terms of availability 500.00
035 ## - SYSTEM CONTROL NUMBER
System control number EN-114912
037 ## - SOURCE OF ACQUISITION
Source of stock number/acquisition DBAD
082 ## - DEWEY DECIMAL CLASSIFICATION NUMBER
Classification number 954.01
100 ## - MAIN ENTRY--PERSONAL NAME
Personal name Jha, Ajeet
245 ## - TITLE STATEMENT
Title A History of Ancient India:
Remainder of title For UPSC and State Civil Services Examinations/
Statement of responsibility, etc Ajeet Jha
260 ## - PUBLICATION, DISTRIBUTION, ETC. (IMPRINT)
Place of publication, distribution, etc Uttar Pradesh
Name of publisher, distributor, etc Pearson India Education Services
Date of publication, distribution, etc 2022
270 ## - ADDRESS
Address 15th Flooor, Tower-B, World Trade Tower, Plot No. 1, Block-C, Sector-16
City Noida
Postal code 201301
Electronic mail address companysecretary.india@pearson.com
300 ## - PHYSICAL DESCRIPTION
Extent vp.
Dimensions 25cm(pbk)
942 ## - ADDED ENTRY ELEMENTS (KOHA)
Source of classification or shelving scheme Dewey Decimal Classification
Item type English Books
Classification part 954.01
Call number suffix JHA
Holdings
Withdrawn status Lost status Not for loan Collection code Home library Current library Date acquired Source of acquisition Cost, normal purchase price Full call number Barcode Copy number Cost, replacement price Koha item type
      Non-fiction Bawana Bawana 03/02/2022 DBAD/PUB 500.00 954.01 JHA EN-114912 1 500.00 English Books

© Delhi Public Library
Hit Counter
free hit counter